[Event "34th Voivoda Cup 2018"]
[Site "Legnica"]
[Date "2018.11.23"]
[Round "2"]
[White "Sieciechowicz, Marcin"]
[Black "Nasuta, Grzegorz"]
[Result "1/2-1/2"]
[WhiteElo "2432"]
[BlackElo "2520"]
[Annotator "TA"]
[PlyCount "137"]
[EventDate "2018.11.22"]
[EventType "tourn"]
[EventCountry "POL"]
[SourceTitle "playchess.com"]
[Source "ChessBase"]
[SourceQuality "1"]

{[%evp 13,137,6,0,-21,-25,-110,-52,-84,-16,-77,-72,-195,-121,-99,-107,-104,-112,-134,-125,-136,-108,-176,-119,-107,-103,-115,-103,-94,-102,-104,-112,-118,-104,-208,-215,-284,-136,-108,-16,-16,-23,-24,-39,-33,-8,-8,-6,0,-27,-182,-18,-85,-80,-99,-120,-143,-154,-188,-169,-147,-15,-153,-154,-165,-158,-155,-147,-168,-148,-166,-156,-156,-158,-362,-355,-360,-360,-339,-324,-288,-195,-182,-166,-213,-138,-139,-135,-132,-124,-198,-117,-117,-117,-117,-52,-77,0,-117,0,0,0,0,0,0,0,0,0,0,0,0,0,0,0,0,0,0,0,0,0,0,0,0,0,0,0,0]} 1. d4 d5 2. Nf3 Nf6 3. c3 g6 4. Bg5 Bg7 5. Nbd2 O-O 6. e3 b6 7. Bd3 c5 {LiveBook: 103 Games} 8. h4 {D03: 1 d4 d5 2 Nf3 Nf6 3 Bg5, including Torre Attack with early ...d5} (8. O-O Bb7 9. h3 Nbd7 10. a4 Re8 11. a5 c4 12. Bc2 b5 13. a6 Bc6 14. Re1 Qb6 15. Bxf6 Nxf6 16. Ne5 Nd7 {½-½ (57) Kramnik,V (2808)-Li,C (2746) Moscow 2016}) 8... Nc6 9. Qb1 $146 (9. Bb5 $11 Bb7 10. O-O) ({Predecessor:} 9. Ne5 Nxe5 10. dxe5 Ng4 11. Be2 Nxe5 12. h5 h6 13. Bf4 g5 14. Bg3 f5 15. f4 {1-0 (54) Paehtz,E (2464)-Muzychuk,M (2544) Huaian 2017}) 9... cxd4 (9... Nh5 $1 $17 10. Rg1 Bd7) 10. exd4 {Black is slightly better.} Qd6 (10... Nh5 $1 $17) 11. Kf1 (11. O-O $11) 11... Nh5 $17 12. b4 (12. Nb3 $17) 12... Bd7 (12... f6 $1 $19 {[%cal Rf6g5]} 13. Be3 e5 14. dxe5 fxe5) 13. b5 Na5 14. Qb4 f6 15. Qxd6 exd6 16. Be3 Rac8 17. Rc1 (17. Nb1 $17) 17... f5 (17... Rfe8 $19 18. Kg1 Ng3 $1 {[%mdl 512]}) 18. Bg5 Rfe8 $36 {[%mdl 2048] Black is really pushing.} 19. g3 h6 20. Bf4 Nxf4 21. gxf4 {[#]} Re4 $1 {[%mdl 512]} 22. h5 (22. Nxe4 dxe4) 22... Rxf4 23. Rc2 (23. hxg6 $17 {might work better.} Bxd4 24. Rh4 (24. Nxd4 Rxd4 25. cxd4 Rxc1+ 26. Kg2 Rc3 $17) 24... Rxh4 25. Nxh4) 23... g5 $19 24. Ne1 {[%cal Bf3e1,Be1g2,Bg2e3][%mdl 32] [#]} Re4 (24... Rxc3 $1 $19 {[%mdl 512]} 25. Rxc3 Bxd4 {[%mdl 64] Double Attack}) 25. Ng2 $17 Ree8 (25... Rce8 $17 26. f4 R4e6) 26. Ne3 $11 f4 27. Nxd5 Be6 28. Nb4 Nc4 (28... Bf7 {keeps more tension.} 29. Kg2 d5 30. Bg6 Bxg6 31. hxg6 Rcd8) 29. Nxc4 Bxc4 30. Bxc4+ Rxc4 31. a3 $2 (31. Kg2 $1 $11) 31... Rec8 $2 (31... f3 $19 32. Rh3 g4) 32. Nd5 (32. Nc6 $11 {remains equal.}) 32... Kf7 33. Re2 Rxc3 $1 34. Nxc3 Rxc3 $17 {[%mdl 4096] Endgame KRR-KRB} 35. Rd2 f3 {( -> ...Rc1+)} ({Resist} 35... Rxa3 36. Kg2 $11) 36. Kg1 Rc4 (36... Rxa3 $6 37. Kh2 $11) ({Better is} 36... Kf6 $17 37. Kh2 Kf5) 37. Rh3 {[#]} (37. Rd3 $11) 37... g4 $1 {[%cal Rg4h3]} 38. Rg3 Bxd4 39. Rxg4 Rc1+ 40. Kh2 Be5+ 41. Rg3 {[#]} Rc5 $1 ({Don't do} 41... Bxg3+ 42. Kxg3 Ke6 43. Rd4 $15) 42. a4 Bf4 43. Rd3 $2 (43. Rd1 $17 {was worth a try.}) 43... Rxh5+ $19 44. Kg1 Bxg3 45. fxg3 {KR-KR} Ke6 46. Rxf3 Rg5 47. Kg2 Rg4 48. Ra3 d5 49. Ra1 Kd6 50. Kf3 h5 51. a5 (51. Rh1 $17) 51... Kc5 (51... d4 $19 52. axb6 axb6) 52. axb6 $17 axb6 53. Rh1 Rg5 ({Reject} 53... Kxb5 $6 54. Rxh5 Rg8 55. Rxd5+ Kc4 56. Rd7 $11) (53... Rg7 $17 {White must now prevent ...Rf7+.} 54. Rxh5 Kc4) 54. Kf4 $15 Rg4+ 55. Kf3 Kxb5 ({Black should play} 55... Rg8 $17 {Hoping for ...Rf8+.} 56. Rxh5 Kc4) 56. Rxh5 $11 {The position is equal.} Rd4 57. g4 {[%cal Bg3g4,Bg4g5,Bg5g6,Bg6g7][%mdl 32]} Kc4 58. g5 {aiming for g6.} Rd1 59. Kf2 Rd2+ 60. Kf3 {And now g6 would win.} Rd1 61. Kf2 Ra1 62. g6 Ra8 63. g7 Rg8 $1 {[%cal Rg8g7]} 64. Rg5 d4 {[%cal Bd5d4,Bd4d3][%mdl 32]} 65. Ke2 Kc3 {...d3+ is the strong threat.} 66. Rg6 d3+ 67. Kd1 b5 68. Rc6+ Kd4 69. Rg6 {Accuracy: White = 47%, Black = 45%.} 1/2-1/2

[Event "34th Voivoda Cup 2018"]
[Site "Legnica"]
[Date "2018.11.23"]
[Round "2"]
[White "Lewtak, Damian"]
[Black "Gleizerov, Evgeny"]
[Result "1/2-1/2"]
[WhiteElo "2411"]
[BlackElo "2505"]
[Annotator "TA"]
[PlyCount "93"]
[EventDate "2018.11.22"]
[EventType "tourn"]
[EventCountry "POL"]
[SourceTitle "playchess.com"]
[Source "ChessBase"]
[SourceQuality "1"]

{[%evp 13,93,32,32,8,15,4,15,22,19,18,18,18,27,16,16,0,34,37,42,41,56,55,62,56,57,44,52,43,52,40,45,41,58,47,74,72,107,104,104,108,122,122,133,118,143,90,159,156,168,166,189,189,189,189,189,189,189,189,189,189,189,195,202,202,200,200,200,200,200,200,200,200,200,200,200,200,200,200,200,200,200,200]} 1. d4 e6 2. c4 f5 3. g3 Nf6 4. Bg2 d5 5. Nf3 Be7 6. O-O O-O 7. b3 b6 8. Ba3 {A93: Classical Dutch: Classical Stonewall: 7 b3} Bb7 9. Ne5 Bxa3 10. Nxa3 {The position is equal.} Qe7 11. Nc2 {[%cal Ba3c2,Bc2e1,Be1f3,Bf3e5][%mdl 32]} Nbd7 $146 ({Predecessor:} 11... c5 12. Ne3 Ne4 13. f4 Nd7 14. cxd5 exd5 15. Nxd7 Qxd7 16. Bxe4 fxe4 {½-½ (31) Sakaev,K (2594)-Gleizerov,E (2531) Jurmala 2015}) 12. Nxd7 Qxd7 13. Ne1 c6 14. Rc1 Rfd8 15. c5 Ba6 16. Nf3 Rac8 17. Ne5 Qb7 18. Qd2 Nd7 19. Qe3 Re8 20. Nxd7 Qxd7 21. f4 Rc7 22. Bf3 Qe7 23. Rc3 Rec8 24. g4 {[%cal Bg3g4,Bg4g5][%mdl 32]} Qf6 25. g5 Qe7 26. h4 Bb7 27. Qe5 Re8 28. Kf2 Rcc8 29. Bh5 ({White should play} 29. Rfc1) 29... Rf8 (29... g6 $142) 30. a4 $16 {White is clearly better.} Rc7 31. Rfc1 Qd7 32. b4 b5 33. axb5 cxb5 34. Ra1 a6 35. Bf3 Rc6 36. Re3 Bc8 37. h5 {[%cal Bh4h5,Bh5h6][%mdl 32]} Qc7 38. Rg1 Qxe5 39. Rxe5 ({But not} 39. fxe5 Kf7 $16) 39... Rd8 40. Re3 Kf8 41. h6 g6 42. Ra3 Bb7 43. e3 Rb8 44. Be2 Bc8 45. Rga1 Ke7 46. Ra5 Kd7 47. Bd3 {Accuracy: White = 79%, Black = 55%.} 1/2-1/2

[Event "34th Voivoda Cup 2018"]
[Site "Legnica"]
[Date "2018.11.23"]
[Round "3"]
[White "Nasuta, Grzegorz"]
[Black "Kriebel, Tadeas"]
[Result "1/2-1/2"]
[WhiteElo "2520"]
[BlackElo "2515"]
[Annotator "TA"]
[PlyCount "60"]
[EventDate "2018.11.22"]
[EventType "tourn"]
[EventCountry "POL"]
[SourceTitle "playchess.com"]
[Source "ChessBase"]
[SourceQuality "1"]

{[%evp 16,60,34,38,42,27,60,42,51,0,-1,0,28,-4,0,-28,-13,-25,0,0,0,-35,-29,-42,0,0,0,0,0,0,0,-20,-2,-8,-6,-8,-8,-10,-12,-11,0,0,0,0,0,-24,-17]} 1. e4 d6 2. d4 Nf6 3. Nc3 g6 4. f4 Bg7 5. Bd3 e5 6. dxe5 {B09: Pirc Defence: Austrian Attack} dxe5 7. Nf3 exf4 8. Bxf4 O-O 9. Qd2 {LiveBook: 5 Games} c6 $146 ({Predecessor:} 9... Bg4 10. O-O-O Nc6 11. Kb1 a6 12. h3 Bxf3 13. gxf3 {1-0 (36) Karjakin,S (2760)-Andriasian,Z (2585) Riadh 2017}) 10. O-O-O Bg4 11. Rhe1 Nbd7 12. Bc4 (12. Bd6 $14) 12... b5 13. Bb3 Nc5 14. h3 (14. Bd6 $5 {[%cal Rd6c5]} Nxb3+ 15. axb3 $14) 14... Qxd2+ 15. Rxd2 Bxf3 16. gxf3 a5 17. a4 Nh5 18. Be3 Nxb3+ 19. cxb3 Rab8 20. axb5 cxb5 21. Nd5 Rb7 22. Kb1 f5 23. Bd4 fxe4 24. fxe4 Bxd4 25. Rxd4 Nf4 26. e5 Nxd5 27. Rxd5 Rf5 28. Re3 Kf7 29. Rc5 Ke7 30. Rd3 Rf4 {Accuracy: White = 68%, Black = 53%.} 1/2-1/2

[Event "34th Voivoda Cup 2018"]
[Site "Legnica"]
[Date "2018.11.23"]
[Round "3"]
[White "Gleizerov, Evgeny"]
[Black "Simacek, Pavel"]
[Result "1/2-1/2"]
[WhiteElo "2505"]
[BlackElo "2503"]
[Annotator "TA"]
[PlyCount "28"]
[EventDate "2018.11.22"]
[EventType "tourn"]
[EventCountry "POL"]
[SourceTitle "playchess.com"]
[Source "ChessBase"]
[SourceQuality "1"]

{[%evp 26,28,26,0,22]} 1. d4 Nf6 2. c4 c5 3. d5 e6 4. Nc3 exd5 5. cxd5 d6 6. Nf3 g6 7. g3 Bg7 8. Bg2 O-O 9. O-O Re8 10. Bf4 Bf5 11. Nh4 $146 ({Predecessor:} 11. Bg5 h6 12. Bxf6 Bxf6 13. Nd2 Bc8 14. Nc4 Bxc3 15. bxc3 b5 16. Nd2 Nd7 17. Re1 a5 18. Qc2 {½-½ (29) Tomashevsky,E (2702)-Svidler,P (2763) Palma de Mallorca 2017}) 11... Bc8 12. Nf3 Bf5 13. Nh4 Bc8 14. Nf3 Bf5 {A62: Modern Benoni: Fianchetto Variation without early ...Nbd7} 1/2-1/2

[Event "34th Voivoda Cup 2018"]
[Site "Legnica"]
[Date "2018.11.23"]
[Round "3"]
[White "Wieczorek, Oskar"]
[Black "Hirneise, Tobias"]
[Result "1/2-1/2"]
[WhiteElo "2468"]
[BlackElo "2472"]
[Annotator "TA"]
[PlyCount "101"]
[EventDate "2018.11.22"]
[EventType "tourn"]
[EventCountry "POL"]
[SourceTitle "playchess.com"]
[Source "ChessBase"]
[SourceQuality "1"]

{[%evp 12,101,32,12,19,20,16,9,40,41,42,39,36,46,50,54,58,55,50,52,55,57,59,56,55,54,71,60,60,57,59,50,56,45,56,47,67,57,57,45,49,45,48,27,68,68,81,79,88,88,88,84,88,88,88,66,66,68,66,0,66,68,70,70,73,61,72,74,70,43,94,46,58,0,0,0,0,0,0,0,0,0,0,0,0,0,0,0,0,0,0,0]} 1. e4 e5 2. Nf3 Nc6 3. Bb5 Nf6 4. d3 d6 5. O-O Be7 6. h3 {C66: Ruy Lopez: Steinitz Defence} (6. c3 O-O 7. Re1 a6 8. Ba4 Re8 9. Nbd2 Bf8 10. Nf1 h6 11. Ng3 b5 12. Bb3 Be6 13. Bxe6 Rxe6 14. a4 b4 15. d4 d5 16. dxe5 Nxe4 17. c4 Nxe5 18. cxd5 Nxf2 19. Kxf2 Ng4+ 20. Kf1 Rxe1+ 21. Qxe1 Qxd5 22. Qe4 Qd1+ 23. Qe1 Qd5 24. Qe4 Qd1+ 25. Qe1 {½-½ (25) Vachier Lagrave,M (2780)-Naiditsch,A (2721) Douglas 2018}) 6... O-O 7. a4 {LiveBook: 3 Games} a6 8. Bc4 Be6 $146 ({Predecessor:} 8... d5 9. exd5 Nxd5 10. Re1 Bf6 11. Nbd2 Bf5 12. Ne4 Re8 13. Bxd5 Qxd5 14. Nxf6+ gxf6 {0-1 (30) Hajtmanek,S-Pallag,G (2106) Kaskady 2002}) 9. Re1 d5 10. exd5 Bxd5 11. Bxd5 Qxd5 12. Nc3 Qd6 {[#]} 13. Nxe5 $1 {[%mdl 512]} Nxe5 14. Bf4 Nfd7 15. d4 f6 16. dxe5 Nxe5 17. Bxe5 fxe5 18. Qe2 Qc5 19. Ne4 ({Much weaker is} 19. Qxe5 $6 Qxf2+ 20. Kh1 Bd6 $11) 19... Qc6 20. b3 Rad8 21. c3 Qe6 22. Qc4 Qxc4 23. bxc4 Rd7 24. Rab1 c6 25. Kf1 Kf7 26. Ke2 Rc8 27. h4 {[%cal Bh3h4,Bh4h5][%mdl 32]} Rcc7 28. h5 Rd8 29. Rb2 Ke6 30. Reb1 Rdd7 31. f3 Kf5 32. Rb3 Ke6 33. g4 Kf7 34. Nf2 Ke6 35. Ne4 Kf7 $1 36. R1b2 Ke6 37. a5 Kf7 38. Nf2 Ke6 39. Nd3 Bd6 40. Ke3 Rf7 (40... g5 $14) 41. c5 Be7 42. Ke4 (42. Re2 $14) 42... Bg5 $11 {The position is equal.} 43. Rb1 Rcd7 44. R3b2 Bh6 45. Rg2 {[#] Hoping for g5.} Bg5 46. Rgb2 h6 47. Rb3 Bd2 48. R1b2 Bg5 49. Rb1 Bd2 50. R1b2 Bg5 51. Rb1 {Accuracy: White = 77%, Black = 54%.} 1/2-1/2

[Event "34th Voivoda Cup 2018"]
[Site "Legnica"]
[Date "2018.11.23"]
[Round "3"]
[White "Murdzia, Piotr"]
[Black "Lewtak, Damian"]
[Result "1-0"]
[WhiteElo "2411"]
[BlackElo "2411"]
[Annotator "TA"]
[PlyCount "157"]
[EventDate "2018.11.22"]
[EventType "tourn"]
[EventCountry "POL"]
[SourceTitle "playchess.com"]
[Source "ChessBase"]
[SourceQuality "1"]

{[%evp 15,157,0,0,5,3,-4,18,-5,0,0,0,4,35,-31,-6,-8,-7,-39,0,0,7,10,12,0,0,-13,-7,-22,0,-42,0,-10,56,56,86,78,77,87,144,169,153,132,129,141,134,124,137,133,193,196,235,233,228,198,469,468,450,448,498,485,670,647,619,653,668,633,608,602,597,382,642,644,695,495,732,732,721,726,725,698,644,690,644,644,545,504,29954,29958,29956,29958,29959,29960,29967,29969,29970,29972,29974,29974,29974,29966,29966,2177,8946,3233,29946,11954,9035,5008,2115,0,6226,6948,4314,6031,6223,896,1814,915,1985,0,1397,0,1203,1116,29960,29962,29956,4614,29967,29970,29971,29971,29970,29971,29969,29972,29973,29975,29971,29974,29974,29975,6119,5768]} 1. d4 d5 2. c4 c6 3. Nf3 Nf6 4. Nc3 e6 5. e3 Nbd7 6. Qc2 Bd6 7. Be2 dxc4 8. Bxc4 b5 9. Bd3 {D46: Semi-Slav: 5 e3 Nbd7 6 Bd3, Black avoids the Meran} Bb7 10. O-O (10. e4 e5 11. Bg5 h6 12. Bh4 O-O 13. O-O-O Qe7 14. Kb1 a6 15. dxe5 Nxe5 16. Nd4 g6 {½-½ (41) Adhiban,B (2671)-Nguyen,N (2618) Hamedan 2018}) 10... a6 11. a4 {The position is equal.} b4 12. Ne4 Nxe4 13. Bxe4 Qc7 $146 ({Predecessor:} 13... Nf6 14. Bxc6+ Bxc6 15. Qxc6+ Ke7 16. Ne5 a5 {½-½ (36) Vodicka,M (1991)-Ermolaev,A (2367) LSS email 2011}) 14. Bd2 (14. b3 $14) 14... a5 $15 15. Rac1 $1 {[%cal Re4c6]} Rc8 16. Rfd1 c5 17. b3 Qb8 18. Bxb7 Qxb7 19. e4 O-O {Threatens to win with ...cxd4.} 20. d5 exd5 21. exd5 Rfe8 22. Qf5 g6 23. Qd3 c4 ({Better is} 23... Nf6 $11) 24. Rxc4 $14 Rxc4 25. Qxc4 Rc8 26. Qd4 Nc5 (26... Bc5 $142 27. Qd3 Qb6) 27. Bh6 $16 {[%csl Gh6][%cal Rd4g7] [#]} f5 28. Qf6 $40 {[%mdl 128] White wants a kill.} Qe7 29. Qxe7 Bxe7 30. d6 Rd8 31. Bf4 Bf6 (31... Ne4 $16 {was called for.}) 32. Be3 $18 Nxb3 33. d7 Kf7 {[#] Strongly threatening ...Ke6.} 34. Bb6 Ke7 $2 (34... Ra8 {was necessary.} 35. d8=Q Bxd8 36. Bxd8 Nc5 37. Ne5+ Ke6) 35. Bxd8+ Kxd8 {[%mdl 4096] Endgame KRN-KBN} 36. Rd5 Nc1 37. Ne5 Ne2+ 38. Kf1 Nc3 39. Rxa5 Bxe5 40. Rxe5 Kxd7 {And now ...b3 would win. KR-KN} 41. Rc5 Nxa4 42. Rb5 Nc3 $2 (42... Ke7 43. Rxb4 Nc5) 43. Rxb4 Ke6 44. Rb7 h5 (44... h6 $142 45. Rb6+ Kf7) 45. Rb6+ Kf7 46. h4 Nd5 47. Ra6 Nf4 48. Ra4 Ne6 49. Ke2 Kf6 50. Ke3 Ke5 (50... g5 $18 51. hxg5+ Nxg5 52. Ra6+ Ne6) 51. f4+ Kf6 52. Ra6 Kf7 53. Rc6 Ke7 54. g3 Kf7 55. Kd3 Nf8 56. Kd4 Nd7 57. Ra6 Nf6 58. Ke5 (58. Ra7+ $142 Kf8 59. Ra6 Kf7 60. Ra7+ Kf8 61. Ra6 Kf7) 58... Ng4+ 59. Kd6 Nf2 60. Ra7+ (60. Ra2 $142 Ne4+ 61. Ke5 Kg8 62. Ra7 Kf8 63. Rc7 Kg8 64. Rc2 Kf8 65. Rc7) 60... Kf6 61. Kd7 Kf7 62. Kd6+ (62. Rb7 $142 Ne4 63. Kc6+ Kf6 64. Rb3) 62... Kf6 63. Kd5 Ng4 64. Ra6+ Kf7 65. Re6 Nf2 66. Ke5 Ng4+ 67. Kd5 Nf2 $1 68. Ra6 Ng4 $1 69. Ra2 Kf6 70. Re2 Kf7 71. Kd6 Kf6 72. Kd7 Kf7 73. Re7+ Kf6 74. Ke8 Nf2 75. Kf8 Nh1 76. Ra7 {[%cal Ra7a6]} Ke6 77. Ra6+ Kd5 78. Rxg6 Ke4 79. Kg7 {Accuracy: White = 70%, Black = 48%.} 1-0

[Event "34th Voivoda Cup 2018"]
[Site "Legnica"]
[Date "2018.11.23"]
[Round "3"]
[White "Teclaf, Pawel"]
[Black "Sieciechowicz, Marcin"]
[Result "1/2-1/2"]
[WhiteElo "2384"]
[BlackElo "2432"]
[Annotator "TA"]
[PlyCount "142"]
[EventDate "2018.11.22"]
[EventType "tourn"]
[EventCountry "POL"]
[SourceTitle "playchess.com"]
[Source "ChessBase"]
[SourceQuality "1"]

{[%evp 26,142,43,40,45,45,58,29,28,6,54,12,47,39,43,18,27,9,15,0,0,0,0,0,4,11,44,41,35,37,36,-8,74,73,67,38,39,39,38,38,30,39,77,83,86,75,133,127,122,122,134,133,175,118,133,74,64,58,59,63,82,47,60,16,16,15,15,20,38,26,30,12,19,23,18,25,18,16,20,24,12,18,19,21,15,15,39,8,8,8,8,8,8,8,8,8,8,8,8,8,8,8,8,8,37,8,8,8,8,8,8,0,0,0,0,0,0,0,8]} 1. e4 e6 2. d4 d5 3. e5 c5 4. c3 Qb6 5. Nf3 Nc6 6. Be2 Nh6 7. Bxh6 gxh6 8. Qd2 Bg7 9. O-O O-O 10. Na3 cxd4 11. cxd4 f6 12. exf6 Rxf6 13. Nc2 Bd7 14. b4 {[%cal Bb2b4,Bb4b5][%mdl 32] LiveBook: 51 Games. C02: French: Advance Variation} Rff8 {[#]} (14... a6 15. a4 Be8 16. b5 axb5 17. axb5 Rxa1 18. Rxa1 {1-0 (41) Movsesian,S (2721)-Ponomariov,R (2744) Moscow 2010}) 15. b5 $146 ({Predecessor:} 15. a4 Be8 16. b5 Ne7 17. Ne5 Rc8 18. Bg4 h5 19. Bh3 Ng6 20. Nd3 Rc4 21. Rfe1 Bf7 {1-0 (46) Dvoirys,S (2583)-Temirbayev,S (2428) Pavlodar 2010}) 15... Ne7 16. Ne5 {White is slightly better.} Be8 17. Bd3 Qd6 (17... Ng6 {is more complex.} 18. a4 Rc8 19. Rae1 Nf4 20. Re3 Nxd3 21. Rxd3 Bg6) 18. Rfe1 (18. a4 {with more complications.} Rc8 19. Rae1 Bg6 20. Re2 Bxd3 21. Nxd3 Nf5 22. Nc5) 18... Bg6 (18... Ng6 {keeps more tension.} 19. Qe3 Rc8 20. a4 Nf4 21. Ra2 Nxd3 22. Qxd3 Qe7) 19. Re2 Bxd3 20. Qxd3 Nf5 21. Rae1 Rac8 22. Nf3 Qc7 23. Ne3 Nd6 24. Nf1 Qc4 25. Qb1 Qxb5 26. Rxe6 Qxb1 27. Rxb1 Rcd8 28. Ne3 Rfe8 (28... Kf7 $11 {remains equal.} 29. Rxd6 Rxd6) 29. Rxe8+ $16 Rxe8 30. Nxd5 Re2 31. a4 Ra2 32. Nc3 Rc2 33. Nb5 Nc8 {[#]} 34. d5 $1 Rc5 35. Rd1 Bf8 (35... Bf6 $142) 36. Kf1 Nb6 37. d6 {aiming for d7.} a6 38. Nc7 {[#] d7 is the strong threat.} Kf7 39. d7 (39. Rb1 $18 Bxd6 40. Nxa6 (40. Rxb6 Bxc7 41. Rxb7 h5 $16)) 39... Be7 40. Nxa6 (40. Rb1 $142) 40... bxa6 41. d8=Q Bxd8 42. Rxd8 {Strongly threatening Rd6.} Nxa4 $14 {[%mdl 4096] Endgame KRN-KRN} 43. Rd7+ Kg8 44. Rd6 Rc1+ 45. Ke2 Nc3+ 46. Ke3 a5 47. Rxh6 Nd5+ 48. Kd4 Nb4 49. Rb6 Rc2 50. Rb8+ Kg7 $1 51. Rb7+ Kg8 52. Ke3 Nd5+ 53. Ke4 Nb4 54. Rb8+ Kg7 55. Nd4 Rc4 {White must now prevent ...Rxd4+!} 56. Ke5 Nd3+ 57. Kd5 Rb4 $1 {[%cal Rb4b8]} 58. Ne6+ Kf6 $132 {[%mdl 2048] Black has counterplay} 59. Rf8+ Ke7 60. Rf3 Rb5+ 61. Kc4 Ne5+ 62. Kxb5 Nxf3 $11 {KN-KN} 63. Nf4 Nxh2 64. Kxa5 Ng4 65. Nd3 Kf6 {The position is equal.} 66. Kb4 Kg5 67. Kc3 Kh4 68. f3 Ne3 69. Ne1 Kg3 70. Kd2 Nxg2 71. Nxg2 Kxf3 {Accuracy: White = 68%, Black = 69%.} 1/2-1/2

[Event "34th Voivoda Cup 2018"]
[Site "Legnica"]
[Date "2018.11.24"]
[Round "4"]
[White "Nasuta, Grzegorz"]
[Black "Teclaf, Pawel"]
[Result "1-0"]
[WhiteElo "2520"]
[BlackElo "2384"]
[Annotator "TA"]
[PlyCount "91"]
[EventDate "2018.11.22"]
[EventType "tourn"]
[EventCountry "POL"]
[SourceTitle "playchess.com"]
[Source "ChessBase"]
[SourceQuality "1"]

{[%evp 12,91,29,19,46,36,58,0,6,4,8,0,-16,0,76,87,80,70,85,84,73,72,75,60,50,42,58,56,46,33,48,52,249,207,263,261,253,250,273,258,281,262,388,380,380,355,332,333,329,292,295,291,296,298,500,0,0,0,260,260,260,260,374,322,266,266,394,445,426,422,411,398,545,496,1043,995,997,949,931,678,952,902]} 1. e4 c6 2. Nc3 d5 3. Qe2 (3. Nf3 Bg4 4. h3 Bxf3 5. Qxf3 e6 6. Qg3 Ne7 7. d3 Nd7 8. Be2 g6 9. O-O Bg7 10. Kh1 O-O 11. f4 Kh8 12. Bf3 b5 13. a3 a5 {1-0 (69) McShane,L (2672)-Rodshtein,M (2674) Batumi 2018}) 3... dxe4 4. Nxe4 Bf5 5. d3 e6 6. g4 {B11: Caro-Kann: Two Knights Variation} Bxe4 7. dxe4 {LiveBook: 15 Games} Bd6 8. Bd2 {White is slightly better.} Qc7 9. Nf3 $146 (9. O-O-O $14) ({Predecessor:} 9. h4 Nd7 10. O-O-O O-O-O {1-0 (28) Schnabel,B (1889)-Buhr,P (1769) Willingen 2015}) 9... Nd7 $11 10. Bc3 Ne7 $1 11. O-O-O Bf4+ 12. Kb1 O-O-O (12... O-O $11 {remains equal.}) 13. Bxg7 $16 Rhg8 14. Bc3 $36 {[%mdl 2048] White fights for an advantage.} Rxg4 {[#]} 15. h4 $1 Rgg8 16. Ng5 Ne5 17. Bh3 {And now Nxf7! would win.} N7g6 $1 18. Rxd8+ Rxd8 {[#]} 19. Bxe6+ $1 {[%mdl 512]} fxe6 20. Nxe6 {[%mdl 64] Double Attack} Qe7 21. Nxd8 Qxd8 $2 (21... Kxd8 $14 22. Bd4 b5) 22. h5 $18 Nf8 23. Bxe5 $1 Bxe5 {[#]} 24. f4 $1 {[%cal Rf4e5][%mdl 512]} Bc7 (24... Bxf4 25. Qg4+) 25. e5 Qe7 26. Re1 b5 {[#]} (26... Kb8 $142 27. Qe4 Ne6) 27. a4 $1 {[%mdl 512]} a6 (27... bxa4 28. Qa6+) 28. axb5 axb5 29. Qg4+ Kb7 30. e6 h6 31. f5 {Hoping for f6!} Nh7 {If only Black now had time for ...Nf6....} 32. Qg6 Qb4 $2 (32... Nf6 {might work better.} 33. Qxh6 Nd5) 33. Re2 $2 (33. Re3 $18 Qe7 34. Qxh6) 33... Qd4 $1 $11 34. Re1 Nf6 $2 {[%mdl 8192] [#]} (34... Qb4 $1 $11 {and Black stays safe.} 35. Re3 Qe7 36. Qxh6 Kb6) 35. Qxf6 $1 $18 {[%mdl 512]} Qxf6 36. e7 Ba5 (36... Bg3 $142) 37. Re2 Qxf5 {( -> ...Qf1+)} 38. e8=Q {[%mdl 4096] Endgame Strongly threatening Re7+. KQR-KQB} Bb4 (38... Qf1+ {was necessary.} 39. Ka2 Bc7) 39. Re4 Bc5 40. Qe5 Qf1+ 41. Re1 Qf2 42. Rd1 {White is clearly winning.} Bb6 (42... Qe3 $142 43. Qxe3 Bxe3) 43. Qg7+ Bc7 44. Qxh6 Qf3 45. Rg1 Bh2 46. Qg7+ {Accuracy: White = 85%, Black = 44%.} 1-0

[Event "34th Voivoda Cup 2018"]
[Site "Legnica"]
[Date "2018.11.24"]
[Round "4"]
[White "Kriebel, Tadeas"]
[Black "Lewtak, Damian"]
[Result "1-0"]
[WhiteElo "2515"]
[BlackElo "2411"]
[Annotator "ChessBase"]
[PlyCount "65"]
[EventDate "2018.11.22"]
[EventType "tourn"]
[EventCountry "POL"]
[SourceTitle "playchess.com"]
[Source "ChessBase"]
[SourceQuality "1"]
[TimeControl "40/5400+30:900+30"]

1. e4 {[%emt 0:00:00]} c5 {[%emt 0:00:00]} 2. Nf3 {[%emt 0:00:00]} Nc6 {[%emt 0:00:00]} 3. d4 {[%emt 0:00:00]} cxd4 {[%emt 0:00:00]} 4. Nxd4 {[%emt 0:00:00]} Nf6 {[%emt 0:00:00]} 5. Nc3 {[%emt 0:00:00]} e5 {[%emt 0:00:00]} 6. Ndb5 {[%emt 0:00:02]} d6 {[%emt 0:00:00]} 7. Nd5 {[%emt 0:00:29]} Nxd5 {[%emt 0:00:06]} 8. exd5 {[%emt 0:00:05]} Nb8 {[%emt 0:02:25]} 9. a4 {[%emt 0:00:12]} Be7 {[%emt 0:03:46]} 10. Be2 {[%emt 0:00:07]} O-O {[%emt 0:01:04]} 11. O-O {[%emt 0:00:05]} Nd7 {[%emt 0:00:36]} 12. Bd2 {[%emt 0:03:26]} f5 {[%emt 0:01:43]} 13. a5 {[%emt 0:02:24]} a6 {[%emt 0:05:22]} 14. Na3 {[%emt 0:00:06]} Bg5 {[%emt 0:00:06]} 15. Nc4 {[%emt 0:03:42]} Bxd2 {[%emt 0:03:10]} 16. Qxd2 {[%emt 0:00:09]} Rf6 {[%emt 0:00:07]} 17. f4 {[%emt 0:01:17]} Rh6 {[%emt 0:03:24]} 18. Ra3 {[%emt 0:05:15]} Rb8 {[%emt 0:08:25]} 19. b4 {[%emt 0:05:52]} Kh8 {[%emt 0:17:30]} 20. Re3 {[%emt 0:14:51]} e4 {[%emt 0:04:06]} 21. Qd4 {[%emt 0:01:37]} b5 {[%emt 0:03:06]} 22. axb6 {[%emt 0:00:58]} Qf6 {[%emt 0:01:19]} 23. Qxf6 {[%emt 0:01:55]} Rxf6 {[%emt 0:00:42]} 24. Rc3 {[%emt 0:00:57]} Bb7 {[%emt 0:01:18]} 25. Rd1 {[%emt 0:00:11]} Kg8 {[%emt 0:04:58]} 26. Na5 {[%emt 0:02:32]} Nxb6 {[%emt 0:00:24]} 27. Nxb7 {[%emt 0:00:51]} Rxb7 {[%emt 0:00:05]} 28. Bxa6 {[%emt 0:00:52]} Ra7 {[%emt 0:00:06]} 29. Bb5 {[%emt 0:00:21]} Kf8 {[%emt 0:00:54]} 30. Rc6 {[%emt 0:00:38]} Rb7 {[%emt 0:00:04]} 31. c4 {[%emt 0:01:03]} Nd7 {[%emt 0:00:05]} 32. Ra1 {[%emt 0:01:49]} Ke7 {[%emt 0:00:16]} 33. Rca6 {[%emt 0:04:02]} 1-0